| 000 | 00626 a2200277 4500 | ||
|---|---|---|---|
| 260 | _aParis | ||
| 630 | _a33 - Economie. Economie politique | ||
| 037 | _b2, Achat | ||
| 650 | _a3 - SCIENCES SOCIALES | ||
| 100 | _aSalles, Pierre | ||
| 260 | _bDunod | ||
| 245 | _aProblèmes économiques généraux. 1, Microéconomie | ||
| 300 | _a431 p. | ||
| 650 | _aMicroéconomie | ||
| 260 | _c1984 | ||
| 300 | _b24 cm | ||
| 100 | _lfr | ||
| 037 | _aDE 5382 | ||
| 037 | _aDE 5383 | ||
| 440 | _aEconomie module | ||
| 250 | _a5è éd. | ||
| 020 | _a2-04-016910-5 | ||
| 440 | _x0338-6074 | ||
| 999 |
_c38504 _d38504 |
||